Guess the Fusion Rock Song Lyrics #263 - Statistics

General Stats
  • This quiz has been taken 12 times
  • The average score is 190 of 257
Answer Stats
Answer % Correct
to
100%
you
100%
You
100%
and
92%
And
92%
don't
92%
Don't
92%
I
92%
In
92%
in
92%
need
92%
so
92%
So
92%
been
83%
But
83%
can
83%
is
83%
know
83%
me
83%
my
83%
no
83%
that
83%
the
83%
There
83%
want
83%
We
83%
down
75%
ever
75%
go
75%
here
75%
I've
75%
just
75%
love
75%
night
75%
nothing
75%
on
75%
think
75%
with
75%
won't
75%
Won't
75%
your
75%
all
67%
Eric Clapton
67%
got
67%
Lay
67%
lay
67%
make
67%
say
67%
see
67%
someone
67%
stay
67%
talk
67%
you've
67%
arms
58%
at
58%
home
58%
rest
58%
Sally
58%
soon
58%
there's
58%
wrong
58%
leave
50%
long
50%
wanting
50%
above
42%
ain't
42%
face
42%
goodbye
42%
matters
42%
moon
42%
stars
42%
still
42%
trying
42%
morning
33%
rise
33%
somewhere
33%
Sun
33%
dreamily
25%
light
25%
nearly
25%
skies
25%
worries
25%
yourself
25%
Coloring
17%
Underneath
17%
velvet
17%
needt
0%
No matching quizzes found
Score Distribution
Percent of People with Each Score
Percentile by Number Answered
Your Score History
You have not taken this quiz